000 00259nam a22001217a 4500
008 170222b xxu||||| |||| 00| 0 alb d
041 _aalb
080 _a616.31
100 _a5
101 _aSHS
245 _aDHEMBET DHE SHENDETI
_cBILERO, J
942 _2udc
_cBK
999 _c6068
_d6068